The Engagement Formula (Record no. 334062)

MARC details
000 -LEADER
fixed length control field 00524nam a2200169Ia 4500
008 - FIXED-LENGTH DATA ELEMENTS--GENERAL INFORMATION
fixed length control field 230718s9999 xx 000 0 und d
020 ## - INTERNATIONAL STANDARD BOOK NUMBER
International Standard Book Number 9789383260096
041 ## - LANGUAGE CODE
Language code of text/sound track or separate title eng
082 ## - DEWEY DECIMAL CLASSIFICATION NUMBER
Classification number 658.4'092
Item number REC
100 ## - MAIN ENTRY--PERSONAL NAME
Personal name Reck R.
9 (RLIN) 195191
245 ## - TITLE STATEMENT
Title The Engagement Formula
Remainder of title Learn How Google, Intel, Marriott Hotels And Others Achieve Full Employee Engagement
260 ## - PUBLICATION, DISTRIBUTION, ETC. (IMPRINT)
Date of publication, distribution, etc. 2013
Name of publisher, distributor, etc. Westland
300 ## - PHYSICAL DESCRIPTION
Extent 218
365 ## - TRADE PRICE
Currency code Rs.
Price amount 295.00
700 ## - ADDED ENTRY--PERSONAL NAME
Personal name Reck R.
9 (RLIN) 195191
906 ## - LOCAL DATA ELEMENT F, LDF (RLIN)
d O:0354525-Nov-2013B:430211-Oct-2013
c GENRL
b 64.9
Holdings
Withdrawn status Lost status Damaged status Not for loan Home library Current library Date acquired Vendor Budget Code Cost, normal purchase price Bill number Total Checkouts Full call number Barcode Date last seen Discount Cost, replacement price Bill Date Koha item type Original Barcode
        Cummins College of Engineering for Women Pune Cummins College of Engineering for Women Pune 19/11/2013 Technical Book Services GENRL 230.10 4302   658.4'092 CCEP-BK-45269 18/07/2023 64.9 295.00 11/10/2013 Books 045269